000 00381nam a2200145 i 4500
001 90906
003 ES-MaACL
007 t|
008 050126q19001910sp ||||1| spa d
100 1 _aLemaitre, Jules.
_971458
245 1 4 _aLes rois /
_cJules Lemaitre.
260 _aParis :
_b[s.n.,
_c190-?] (
_eLagny :
_fE. Grevin)
300 _a356 p. ;
_c19 cm.
852 _aES-MaACL
_jG-15864
999 _c90906
_d90906